Let It Be - Songs - Statistics

General Stats
  • This quiz has been taken 85 times
  • The average score is 8 of 12
Answer Stats
Plays Song Names % Correct
772,003,634 Let It Be
97%
207,079,912 Get Back
74%
25,296,282 Dig A Pony
68%
30,540,241 I Me Mine
68%
135,105,415 The Long And Winding Road
68%
42,925,758 Two Of Us
68%
151,956,619 Across The Universe
66%
38,049,988 I've Got A Feeling
63%
17,385,219 One After 909
63%
14,208,893 Dig It
61%
17,626,480 Maggie Mae
61%
18,431,052 For You Blue
50%
No matching quizzes found
Score Distribution
Percent of People with Each Score
Percentile by Number Answered
Your Score History
You have not taken this quiz